Horské dráhy světa /

Hlavní autor: Hons, Josef, 1907-2001
Jazyk: Čeština
Vydáno: Praha : Nakladatelství dopravy a spojů, 1985
Vydání: 1. vyd.
Edice: Knižnice populárně technické literatury
Témata:
Externí odkaz: Digitalizovaný dokument
Fyzický popis: 333 s.
Knihy
Uloženo v:
LEADER 01175nam a2200325 a 4500
001 000608406
003 CZ BrMZK
005 20070606093912.0
007 ta
008 020627s1985 xr af f cze d
015 |a cnb000011849 
035 |a (OCoLC)39421424 
040 |a BOA001  |b cze  |c BOA001 
080 9 |a 625.5 
080 9 |a 629.436 
100 1 |a Hons, Josef,  |d 1907-2001  |7 jk01041936  |4 aut 
245 1 0 |a Horské dráhy světa /  |c Josef Hons 
250 |a 1. vyd. 
260 |a Praha :  |b Nakladatelství dopravy a spojů,  |c 1985 
300 |a 333 s. 
490 1 |a Knižnice populárně technické literatury 
500 |a Frontispis 
504 |a Obsahuje bibliografii 
830 0 |a Knižnice populárně technické literatury 
856 4 1 |u http://www.digitalniknihovna.cz/mzk/uuid/uuid:f874e120-61ae-11e3-ac69-005056827e51  |y Digitalizovaný dokument  |x NDK 
910 |a BOA001  |b TK-0226.387  |b 2-0898.361 
964 |a Lanovky - světové přehledy 
990 |a BK 
996 7 |b 2619323497  |c 2-0898.361  |l MZK  |r Sklad / do 1 hodiny  |n 0  |w 000608406  |u 000020  |a 1  |e BOA001  |j MZK50  |s A 
996 7 |b 2629972749  |c TK-0226.387  |l MZK  |r Sklad / do 24 hodin  |n 3  |w 000608406  |u 000010  |a 1  |e BOA001  |j MZK50  |s A